Tractors and their power units / (Record no. 1912)
[ view plain ]
| 000 -LEADER | |
|---|---|
| fixed length control field | 00620cam a22002171 4500 |
| 001 - CONTROL NUMBER | |
| control field | BD-DhSAU 1912 |
| 003 - CONTROL NUMBER IDENTIFIER | |
| control field | BD-DhSAU |
| 005 - DATE AND TIME OF LATEST TRANSACTION | |
| control field | 20150121160215.0 |
| 008 - FIXED-LENGTH DATA ELEMENTS--GENERAL INFORMATION | |
| fixed length control field | 780601s1963 nyua b 000 0 eng |
| 040 ## - CATALOGING SOURCE | |
| Original cataloging agency | BD-DhSAU |
| 082 ## - DEWEY DECIMAL CLASSIFICATION NUMBER | |
| Classification number | 631.372 |
| Edition number | 22 |
| Item number | TRA |
| 100 1# - MAIN ENTRY--PERSONAL NAME | |
| Personal name | Barger, E. L. |
| 245 00 - TITLE STATEMENT | |
| Title | Tractors and their power units / |
| Statement of responsibility, etc. | by E. L. Barger [et. al.] |
| 250 ## - EDITION STATEMENT | |
| Edition statement | 2d ed. |
| 260 ## - PUBLICATION, DISTRIBUTION, ETC. (IMPRINT) | |
| Place of publication, distribution, etc. | New York : |
| Name of publisher, distributor, etc. | Wiley ; |
| Date of publication, distribution, etc. | c1963. |
| 300 ## - PHYSICAL DESCRIPTION | |
| Extent | xvii, 524 p.: |
| Other physical details | ill. ; |
| Dimensions | 22 cm. |
| 440 #4 - SERIES STATEMENT/ADDED ENTRY--TITLE | |
| Title | The Ferguson Foundation agricultural engineering series |
| 504 ## - BIBLIOGRAPHY, ETC. NOTE | |
| Bibliography, etc | Includes bibliographies. |
| 590 ## - Name of Cataloguer | |
| Name of Cataloger | IMRAN |
| 650 #0 - SUBJECT ADDED ENTRY--TOPICAL TERM | |
| Topical term or geographic name as entry element | Tractors. |
| 942 ## - ADDED ENTRY ELEMENTS (KOHA) | |
| Source of classification or shelving scheme | Dewey Decimal Classification |
| Koha item type | Book |
| Withdrawn status | Lost status | Source of classification or shelving scheme | Damaged status | Not for loan | Home library | Branch Name | Shelving location | Date acquired | Total Checkouts | Full call number | Barcode | Date last seen | Date checked out | Price effective from | Koha item type | Collection code |
|---|---|---|---|---|---|---|---|---|---|---|---|---|---|---|---|---|
| Dewey Decimal Classification | SAU Library | SAU Library | General Stacks | 04/04/1993 | 1 | 631.372 TRA | 2906 | 18/11/2024 | 27/10/2024 | 21/01/2015 | Book | |||||
| Dewey Decimal Classification | SAU Library | SAU Library | General Stacks | 03/04/1999 | 631.372 TRA | 2900 | 26/01/2015 | 26/01/2015 | Book | |||||||
| Dewey Decimal Classification | SAU Library | SAU Library | General Stacks | 16/04/1979 | 631.372 TRA | 2909 | 17/02/2015 | 17/02/2015 | Book | |||||||
| Dewey Decimal Classification | SAU Library | SAU Library | General Stacks | 16/04/1979 | 631.372 TRA | 2908 | 17/02/2015 | 17/02/2015 | Book | |||||||
| Dewey Decimal Classification | SAU Library | SAU Library | General Stacks | 16/04/1979 | 631.372 TRA | 2902 | 17/02/2015 | 17/02/2015 | Book | |||||||
| Dewey Decimal Classification | SAU Library | SAU Library | General Stacks | 16/04/1979 | 631.372 TRA | 2901 | 17/02/2015 | 17/02/2015 | Book | |||||||
| Dewey Decimal Classification | SAU Library | SAU Library | General Stacks | 16/04/1979 | 631.372 TRA | 2897 | 17/02/2015 | 17/02/2015 | Book | |||||||
| Dewey Decimal Classification | SAU Library | SAU Library | General Stacks | 23/02/2015 | 1 | 631.372 TRA | 2904 | 18/12/2024 | 28/10/2024 | 23/02/2015 | Book | |||||
| Dewey Decimal Classification | SAU Library | SAU Library | General Stacks | 16/04/1979 | 631.372 TRA | 2899 | 23/02/2015 | 23/02/2015 | Book | |||||||
| Dewey Decimal Classification | SAU Library | SAU Library | General Stacks | 16/04/1979 | 1 | 631.372 TRA | 2907 | 18/12/2024 | 28/10/2024 | 23/02/2015 | Book | |||||
| Dewey Decimal Classification | SAU Library | SAU Library | General Stacks | 16/04/1979 | 631.372 TRA | 2910 | 23/02/2015 | 23/02/2015 | Book | |||||||
| Dewey Decimal Classification | SAU Library | SAU Library | General Stacks | 16/04/1979 | 631.372 TRA | 2898 | 23/02/2015 | 23/02/2015 | Book | |||||||
| Dewey Decimal Classification | Not For Loan | SAU Library | SAU Library | Reference | 16/04/1979 | 631.372 TRA | 2905 | 15/04/2015 | 15/04/2015 | Book | Reference | |||||
| Dewey Decimal Classification | Not For Loan | SAU Library | SAU Library | Reference | 16/04/1979 | 631.372 TRA | 2896 | 15/04/2015 | 15/04/2015 | Book | Reference | |||||
| Dewey Decimal Classification | SAU Library | SAU Library | Reference | 13/10/1979 | 631.372 TRA | 4448 | 15/04/2015 | 15/04/2015 | Book |
